[Event "Int.Vellmar 9th op B"]
[Site "Vellmar"]
[Date "2017.07.13"]
[Round "1.33"]
[White "Schaefer, Gerhard"]
[Black "Lambrecht, Harald"]
[Result "1/2-1/2"]
[WhiteElo "1695"]
[BlackElo "1422"]
[PlyCount "75"]
[EventDate "2017.07.13"]
[EventType "swiss"]
[EventRounds "7"]
[EventCountry "GER"]

1. d4 d5 2. Bf4 Nf6 3. e3 e6 4. Nf3 c5 5. c3 Nc6 6. Bd3 Bd6 7. Bg5 h6 8. Bh4
cxd4 9. cxd4 e5 10. dxe5 Nxe5 11. Bb5+ Bd7 12. Nc3 Bxb5 13. Nxb5 Qa5+ 14. Nc3
Nxf3+ 15. gxf3 Be5 16. Qb3 O-O 17. O-O Rfd8 18. Rfd1 d4 19. Ne4 dxe3 20. fxe3
g5 21. Nxf6+ Bxf6 22. Bg3 b6 23. Rac1 Rxd1+ 24. Rxd1 Rd8 25. Rxd8+ Bxd8 26. Qd1
Bf6 27. Be1 Qxa2 28. b3 Qa1 29. Qxa1 Bxa1 30. Kf2 Kf8 31. Ke2 Ke7 32. Kd3 f5
33. Bg3 b5 34. h4 Ke6 35. hxg5 hxg5 36. Bb8 a6 37. Ba7 Be5 38. Bb6 1/2-1/2

[Event "Int.Vellmar 9th op B"]
[Site "Vellmar"]
[Date "2017.07.13"]
[Round "1.34"]
[White "Moderow, Ramon"]
[Black "Wolter, Kerstin"]
[Result "1-0"]
[WhiteElo "1421"]
[BlackElo "1694"]
[PlyCount "43"]
[EventDate "2017.07.13"]
[EventType "swiss"]
[EventRounds "7"]
[EventCountry "GER"]

1. e4 c6 2. d4 d5 3. exd5 cxd5 4. Nf3 Bg4 5. h3 Bh5 6. Be2 Nf6 7. Ne5 Bg6 8.
Nc3 e6 9. Bg5 Be7 10. Bb5+ Nbd7 11. Bxf6 Bxf6 12. Nxd7 Ke7 13. Nxf6 gxf6 14.
O-O Rg8 15. Bd3 a6 16. Re1 h5 17. Ne2 Rg7 18. Nf4 f5 19. Nxh5 Bxh5 20. Qxh5 Qg8
21. Qf3 Kd7 22. c4 1-0

[Event "Int.Vellmar 9th op B"]
[Site "Vellmar"]
[Date "2017.07.13"]
[Round "1.35"]
[White "Mann, Moritz"]
[Black "Schulz, Christian"]
[Result "1/2-1/2"]
[WhiteElo "1692"]
[BlackElo "1416"]
[PlyCount "38"]
[EventDate "2017.07.13"]
[EventType "swiss"]
[EventRounds "7"]
[EventCountry "GER"]

1. e4 e5 2. Nc3 Bc5 3. Nf3 d6 4. d4 exd4 5. Nxd4 Qf6 6. Nf3 Bg4 7. Nd5 Qd8 8.
Be3 Nd7 9. Bxc5 Nxc5 10. Qd4 Ne6 11. Qc3 f6 12. Nd4 Nxd4 13. Qxd4 Ne7 14. Nf4
Nc6 15. Qd5 a6 16. Bc4 Ne5 17. Bb3 c6 18. Qd4 Qa5+ 19. c3 O-O-O 1/2-1/2

[Event "Int.Vellmar 9th op B"]
[Site "Vellmar"]
[Date "2017.07.13"]
[Round "1.37"]
[White "Breiter, Juergen"]
[Black "Hahnenstein, Leon"]
[Result "0-1"]
[WhiteElo "1685"]
[BlackElo "1401"]
[PlyCount "57"]
[EventDate "2017.07.13"]
[EventType "swiss"]
[EventRounds "7"]
[EventCountry "GER"]

1. Nf3 Nc6 2. d4 d5 3. e3 Nf6 4. c4 g6 5. Nc3 e6 6. a3 Bg7 7. cxd5 Nxd5 8. Nxd5
Qxd5 9. Be2 O-O 10. O-O Bd7 11. Bd2 Rad8 12. Rc1 Rfe8 13. Bc4 Qf5 14. Re1 Bf6
15. Bc3 Bc8 16. e4 Qh5 17. e5 Bg7 18. Be2 Bh8 19. h3 Qh6 20. Nh2 Bxe5 21. Bd2
Bxh2+ 22. Kxh2 Qg7 23. Bc3 Nxd4 24. Qa4 Qe5+ 25. g3 Qc5 26. Bb4 Qb6 27. Bc3
Nxe2 28. Rxe2 Bd7 29. Rd1 0-1

[Event "Int.Vellmar 9th op B"]
[Site "Vellmar"]
[Date "2017.07.13"]
[Round "1.40"]
[White "Warter, Simon"]
[Black "Naujocks, Christian"]
[Result "0-1"]
[WhiteElo "1357"]
[BlackElo "1673"]
[PlyCount "56"]
[EventDate "2017.07.13"]
[EventType "swiss"]
[EventRounds "7"]
[EventCountry "GER"]

1. e4 c5 2. Nf3 d6 3. d4 cxd4 4. Nxd4 Nf6 5. Nc3 a6 6. Bg5 e6 7. f4 Be7 8. Nb3
O-O 9. Bd3 b5 10. a4 b4 11. Ne2 Ng4 12. Bxe7 Qxe7 13. Ng1 f5 14. g3 Qa7 15. Qe2
Bb7 16. Nd2 Qd4 17. Rb1 Nd7 18. Ngf3 Qa7 19. h3 Ne3 20. Qf2 Nf6 21. Ke2 fxe4
22. Qxe3 exf3+ 23. Nxf3 Qxe3+ 24. Kxe3 e5 25. Be2 exf4+ 26. Kxf4 Nd5+ 27. Kg4
Ne3+ 28. Kh4 Bxf3 0-1

[Event "Int.Vellmar 9th op B"]
[Site "Vellmar"]
[Date "2017.07.13"]
[Round "1.41"]
[White "Ziegenfuss, Larissa"]
[Black "Janovskij, Konstantin"]
[Result "1-0"]
[WhiteElo "1673"]
[BlackElo "1335"]
[PlyCount "83"]
[EventDate "2017.07.13"]
[EventType "swiss"]
[EventRounds "7"]
[EventCountry "GER"]

1. e4 e5 2. Nf3 Nc6 3. Bc4 Be7 4. Nc3 Nf6 5. d3 d6 6. h3 Na5 7. Bb3 Nxb3 8.
axb3 O-O 9. Be3 a6 10. Qd2 Bd7 11. O-O h6 12. Nh2 Nh7 13. Nd5 Bg5 14. f4 exf4
15. Bxf4 Bxf4 16. Qxf4 Be6 17. Ne3 Nf6 18. Nhg4 Nxg4 19. Nxg4 Bxg4 20. Qxg4 Qe7
21. Rf3 Qe6 22. Qh5 Qe5 23. Qxe5 dxe5 24. Ra5 f6 25. Kf2 Kf7 26. Rxe5 Rae8 {
Remis Angebot} 27. Ref5 Re6 28. e5 Rfe8 29. d4 b6 30. Ke3 c5 31. c3 cxd4+ 32.
cxd4 Kg6 33. Kf4 Rf8 34. Rg3+ Kh7 {Remis Angebot} 35. Ke4 g6 36. Kd5 Rxe5+ 37.
Rxe5 fxe5 38. dxe5 Kg7 39. Rf3 Rxf3 40. gxf3 Kf7 41. Kd6 h5 42. Kd7 1-0

[Event "Int.Vellmar 9th op B"]
[Site "Vellmar"]
[Date "2017.07.13"]
[Round "1.45"]
[White "Dinslage, Klaus-Dieter"]
[Black "Mihailovic, Slobodan"]
[Result "1-0"]
[WhiteElo "1664"]
[BlackElo "1271"]
[PlyCount "88"]
[EventDate "2017.07.13"]
[EventType "swiss"]
[EventRounds "7"]
[EventCountry "GER"]

1. e4 a6 2. d4 b5 3. c4 c6 4. Nf3 Bb7 5. b4 g6 6. c5 Bg7 7. Bd3 e6 8. Nc3 Ne7
9. a4 d6 10. Qc2 dxc5 11. dxc5 Nd7 12. O-O Qc7 13. Bg5 Ne5 14. Nxe5 Qxe5 15.
Bd2 O-O 16. Rad1 Rad8 17. Kh1 Qd4 18. Be1 Qxb4 19. Nd5 Qb2 20. Nxe7+ Kh8 21.
Qxb2 Bxb2 22. axb5 axb5 23. f4 Rfe8 24. Bh4 Rd7 25. e5 Rdxe7 26. Bxe7 Rxe7 27.
Be4 Ba3 28. Rd8+ Kg7 29. Rfd1 Bxc5 30. R8d7 b4 31. Rxe7 Bxe7 32. Rd7 Bc5 33.
Rxb7 Be3 34. g3 c5 35. Bd3 Bd4 36. Bc4 Kf8 37. Kg2 h6 38. Kf3 g5 39. Ke4 f5+
40. exf6 Bxf6 41. Bxe6 Bd4 42. fxg5 hxg5 43. g4 Bg1 44. h3 Bf2 1-0

[Event "Int.Vellmar 9th op B"]
[Site "Vellmar"]
[Date "2017.07.13"]
[Round "1.46"]
[White "Kanbach, Moritz"]
[Black "Thede, Stefan"]
[Result "0-1"]
[WhiteElo "1258"]
[BlackElo "1661"]
[PlyCount "122"]
[EventDate "2017.07.13"]
[EventType "swiss"]
[EventRounds "7"]
[EventCountry "GER"]

1. e4 d6 2. d4 Nf6 3. Nc3 g6 4. Nf3 Bg7 5. Be3 O-O 6. Bc4 c6 7. a4 Qc7 8. Qd2
e5 9. d5 Nbd7 10. O-O Nb6 11. Bxb6 axb6 12. h3 Rd8 13. Rac1 Bd7 14. b3 Be8 15.
Rfe1 Rac8 16. Re3 Bh6 17. Rce1 Kg7 18. h4 Ng4 19. Ng5 Nxe3 20. Rxe3 Qe7 21. Rg3
Bxg5 22. Qxg5 Qxg5 23. Rxg5 f6 24. Rg3 h5 25. f3 Kh6 26. Rh3 Bd7 27. Rh2 g5 28.
Kf2 g4 29. Ke3 Rf8 30. g3 gxf3 31. Kxf3 Bg4+ 32. Ke3 f5 33. Be2 Bxe2 34. Rxe2
f4+ 35. gxf4 Rxf4 36. Rh2 Rcf8 37. dxc6 bxc6 38. Ne2 Rf3+ 39. Kd2 Rf2 40. Rh3 {
Remisangebot} R8f3 41. Rh1 Rg2 42. c3 Rff2 43. Re1 Rh2 44. Kd3 Rf3+ 45. Kc4
Rxh4 46. Nc1 Rff4 47. Kd3 Rh3+ 48. Kc4 Rff3 49. Na2 Re3 50. Kb4 Rxe1 51. c4 Rb1
52. Nc3 Rxc3 53. Kxc3 h4 54. Kb4 h3 55. c5 dxc5+ 56. Ka3 h2 57. a5 bxa5 58. b4
h1=Q 59. bxc5 Qf3+ 60. Ka4 Qb3+ 61. Kxa5 Ra1# 0-1

[Event "Int.Vellmar 9th op B"]
[Site "Vellmar"]
[Date "2017.07.13"]
[Round "1.48"]
[White "Moderow, Manuel"]
[Black "Lorch, Alexander"]
[Result "0-1"]
[WhiteElo "1133"]
[BlackElo "1658"]
[PlyCount "70"]
[EventDate "2017.07.13"]
[EventType "swiss"]
[EventRounds "7"]
[EventCountry "GER"]

1. e4 c5 2. Nf3 d6 3. d4 cxd4 4. Nxd4 Nf6 5. Nc3 a6 6. Bg5 e6 7. Qd2 Be7 8. Bd3
Nbd7 9. f3 Qc7 10. O-O-O b5 11. Kb1 O-O 12. h4 Ne5 13. Be2 h6 14. Be3 Bb7 15.
Rdf1 b4 16. Nd1 Nc4 17. Bxc4 Qxc4 18. b3 Qc7 19. g4 Nh7 20. g5 h5 21. Nb2 d5
22. e5 Rfc8 23. f4 g6 24. Rc1 Nf8 25. c3 bxc3 26. Rxc3 Qxc3 27. Qxc3 Rxc3 28.
Re1 Rac8 29. Na4 R3c7 30. Nb6 Re8 31. Kb2 Nd7 32. Na4 Nc5 33. Nxc5 Bxc5 34. Rc1
Bxd4+ 35. Bxd4 Rxc1 0-1

[Event "Int.Vellmar 9th op B"]
[Site "Vellmar"]
[Date "2017.07.13"]
[Round "1.49"]
[White "Seelemann, Thomas"]
[Black "Warren, Nigel"]
[Result "1-0"]
[WhiteElo "1656"]
[BlackElo "1218"]
[PlyCount "61"]
[EventDate "2017.07.13"]
[EventType "swiss"]
[EventRounds "7"]
[EventCountry "GER"]

1. e4 c6 2. d4 d5 3. Nd2 dxe4 4. Nxe4 Bf5 5. Ng3 Bg6 6. h4 h6 7. Nf3 e6 8. h5
Bh7 9. Bd3 Bxd3 10. Qxd3 Nf6 11. Bd2 Nbd7 12. O-O-O Qc7 13. Rhe1 O-O-O 14. Kb1
Re8 15. c4 Bd6 16. Ne5 Rhf8 17. f4 Bxe5 18. dxe5 Ng8 19. Ne4 Kb8 20. Nd6 Re7
21. Qe3 f6 22. Bb4 Rd8 23. Nb5 cxb5 24. Bd6 Rc8 25. Bxc7+ Rxc7 26. cxb5 b6 27.
Rc1 Re8 28. Rxc7 Kxc7 29. Rc1+ Kb8 30. Qd4 Rd8 31. Qd6+ 1-0

[Event "Int.Vellmar 9th op B"]
[Site "Vellmar"]
[Date "2017.07.13"]
[Round "1.50"]
[White "Skopp, Jonathan"]
[Black "Rapp, Lukas"]
[Result "1/2-1/2"]
[WhiteElo "1178"]
[BlackElo "1652"]
[PlyCount "80"]
[EventDate "2017.07.13"]
[EventType "swiss"]
[EventRounds "7"]
[EventCountry "GER"]

1. d4 Nf6 2. Bf4 e6 3. e3 b6 4. Nf3 Bb7 5. Nbd2 Be7 6. c3 O-O 7. Bd3 d5 8. Ne5
Nbd7 9. Qf3 c5 10. Qh3 Rc8 11. Ndf3 Ne4 12. Nxd7 Qxd7 13. Ne5 Qd8 14. f3 Nf6
15. Ng4 g6 16. Qg3 Nxg4 17. Qxg4 Bf6 18. h4 cxd4 19. cxd4 Be7 20. Bg5 f5 21.
Qg3 Bxg5 22. hxg5 Qe7 23. a3 Rc7 24. Kd2 Rfc8 25. Rac1 Bc6 26. Rc3 Ba4 27. Rhc1
Rxc3 28. Rxc3 Rxc3 29. Kxc3 Kf7 30. Qf4 a5 31. Kd2 b5 32. Qh2 Qxg5 33. Qxh7+
Ke8 34. Qg8+ Kd7 35. Qf7+ Kd6 36. Qf8+ Kc7 37. Qc5+ Kd7 38. Bxb5+ Bxb5 39.
Qxb5+ Ke7 40. Qe2 Kf7 1/2-1/2

[Event "Int.Vellmar 9th op B"]
[Site "Vellmar"]
[Date "2017.07.13"]
[Round "1.51"]
[White "Niemeyer, Norbert"]
[Black "Pessotschinski, Eduard"]
[Result "1-0"]
[WhiteElo "1651"]
[BlackElo "1187"]
[PlyCount "45"]
[EventDate "2017.07.13"]
[EventType "swiss"]
[EventRounds "7"]
[EventCountry "GER"]

1. e4 e5 2. d4 exd4 3. c3 dxc3 4. Nf3 Nc6 5. Bc4 h6 6. Nxc3 Bb4 7. Qb3 Qe7 8.
O-O Na5 9. Bxf7+ Kf8 10. Qa4 Kxf7 11. Nd5 Qd6 12. Bf4 Qc5 13. Rac1 Qf8 14. Nxb4
Nc6 15. Nxc6 dxc6 16. Ne5+ Ke8 17. Ng6 Qf7 18. Nxh8 Qxf4 19. Qb3 Ne7 20. Rc3
Qf8 21. Rf3 Qxh8 22. Qf7+ Kd8 23. Rd1+ 1-0

[Event "Int.Vellmar 9th op B"]
[Site "Vellmar"]
[Date "2017.07.13"]
[Round "1.54"]
[White "Eurich, Eva"]
[Black "Stein, Carmen"]
[Result "0-1"]
[WhiteElo "1077"]
[BlackElo "1630"]
[PlyCount "36"]
[EventDate "2017.07.13"]
[EventType "swiss"]
[EventRounds "7"]
[EventCountry "GER"]

1. d4 Nf6 2. Nf3 d5 3. Bf4 c5 4. e3 Nc6 5. h3 Bf5 6. Bb5 e6 7. Ne5 Rc8 8. Nd2
cxd4 9. exd4 Qb6 10. Qe2 Qxd4 11. Bh2 Be7 12. O-O O-O 13. g4 Bxc2 14. Ndf3 Qe4
15. Rfe1 Qxe2 16. Rxe2 Be4 17. Nd2 Nd4 18. Re3 Nxb5 0-1

[Event "Int.Vellmar 9th op B"]
[Site "Vellmar"]
[Date "2017.07.14"]
[Round "2.1"]
[White "Rother, Wilfried"]
[Black "Jacobsen, Steen"]
[Result "0-1"]
[WhiteElo "1890"]
[BlackElo "1681"]
[PlyCount "58"]
[EventDate "2017.07.13"]
[EventType "swiss"]
[EventRounds "7"]
[EventCountry "GER"]

1. e4 d6 2. d4 Nf6 3. Nc3 g6 4. Bc4 Bg7 5. f3 O-O 6. Be3 b6 7. Qd2 Bb7 8. O-O-O
Nbd7 9. g4 c5 10. h4 a6 11. h5 b5 12. Bf1 Qa5 13. hxg6 fxg6 14. Bh6 Rf7 15.
Bxg7 Rxg7 16. Nh3 Nb6 17. dxc5 dxc5 18. Ng5 b4 19. Nb1 Nfd7 20. Qh2 Nf8 21. Qc7
e6 22. Qe5 Re8 23. Rd2 Nbd7 24. Qd6 Qd8 25. Bc4 Qxg5 26. Qg3 Nb6 27. f4 Qe7 28.
Be2 Bxe4 29. Bd3 Bxh1 0-1

[Event "Int.Vellmar 9th op B"]
[Site "Vellmar"]
[Date "2017.07.14"]
[Round "2.2"]
[White "Sendler, Arnold"]
[Black "Davidov, Georgi"]
[Result "1/2-1/2"]
[WhiteElo "1692"]
[BlackElo "1872"]
[PlyCount "68"]
[EventDate "2017.07.13"]
[EventType "swiss"]
[EventRounds "7"]
[EventCountry "GER"]

1. e4 e5 2. Nf3 Nf6 3. Nc3 Bb4 4. Bc4 O-O 5. d3 d5 6. exd5 Nxd5 7. Bxd5 Qxd5 8.
Bd2 Bxc3 9. Bxc3 Bg4 10. Qe2 Nc6 11. Qe4 Bxf3 12. Qxf3 Qxf3 13. gxf3 Nd4 14.
Bxd4 exd4 15. Kd2 f5 16. f4 Kf7 17. Rae1 Rae8 18. c3 c5 19. Rxe8 Rxe8 20. Re1
Rxe1 21. Kxe1 Kg6 22. f3 b5 23. cxd4 cxd4 24. b4 Kh5 25. Kf2 Kh4 26. Kg2 h6 27.
h3 g5 28. fxg5 hxg5 29. Kh2 g4 30. hxg4 fxg4 31. f4 g3+ 32. Kg2 Kg4 33. f5 Kxf5
34. Kxg3 Kg5 1/2-1/2

[Event "Int.Vellmar 9th op B"]
[Site "Vellmar"]
[Date "2017.07.14"]
[Round "2.3"]
[White "Schilling, Dietmar"]
[Black "Ziegenfuss, Larissa"]
[Result "1-0"]
[WhiteElo "1872"]
[BlackElo "1673"]
[PlyCount "65"]
[EventDate "2017.07.13"]
[EventType "swiss"]
[EventRounds "7"]
[EventCountry "GER"]

1. e4 c5 2. Nf3 e6 3. d4 cxd4 4. Nxd4 Nc6 5. Be3 Nf6 6. Bd3 Qc7 7. O-O Be7 8.
Nc3 a6 9. Qe2 O-O 10. a3 b5 11. f4 Bb7 12. e5 Nxd4 13. Bxd4 Nd5 14. Ne4 f5 15.
exf6 Bxf6 16. Nxf6+ Nxf6 17. f5 exf5 18. Rxf5 Rae8 19. Qf2 Nd5 20. Rf1 Qd8 21.
Qg3 g6 22. Rxf8+ Rxf8 23. Qe5 Rxf1+ 24. Bxf1 Kf7 25. Qg7+ Ke6 26. Qxh7 Qg5 27.
Qg8+ Kd6 28. Qb8+ Kc6 29. Qe5 Qg4 30. c4 Nf4 31. Qe4+ Kc7 32. Be5+ Kd8 33. Qxf4
1-0

[Event "Int.Vellmar 9th op B"]
[Site "Vellmar"]
[Date "2017.07.14"]
[Round "2.5"]
[White "Mittmann, Volker"]
[Black "Dinslage, Klaus-Dieter"]
[Result "0-1"]
[WhiteElo "1851"]
[BlackElo "1664"]
[PlyCount "72"]
[EventDate "2017.07.13"]
[EventType "swiss"]
[EventRounds "7"]
[EventCountry "GER"]

1. e4 e5 2. Bc4 Bc5 3. Nc3 Nf6 4. d3 h6 5. h3 Nc6 6. Nge2 d6 7. a3 Be6 8. b4
Bxc4 9. dxc4 Bd4 10. Qd3 a6 11. Be3 Bxe3 12. Qxe3 O-O 13. Nd5 Nh7 14. Ng3 Ne7
15. Nxe7+ Qxe7 16. O-O Qf6 17. Qd3 Qe6 18. Qd5 c6 19. Qxe6 fxe6 20. Rad1 Rad8
21. Rd3 Rf4 22. Ne2 Rxe4 23. c5 Rxe2 24. cxd6 Nf6 25. c4 b6 26. Rfd1 Rd7 27.
Rc1 e4 28. Rdd1 Ra2 29. Rc3 c5 30. bxc5 bxc5 31. Rb3 Kf7 32. Rb6 Rxa3 33. Rc6
Rd3 34. Rxd3 exd3 35. Kf1 Ne4 36. Rc7 Ke8 0-1

[Event "Int.Vellmar 9th op B"]
[Site "Vellmar"]
[Date "2017.07.14"]
[Round "2.6"]
[White "Rueggeberg, Jan"]
[Black "Seelemann, Thomas"]
[Result "1-0"]
[WhiteElo "1845"]
[BlackElo "1656"]
[PlyCount "93"]
[EventDate "2017.07.13"]
[EventType "swiss"]
[EventRounds "7"]
[EventCountry "GER"]

1. e3 c5 2. b3 Nc6 3. Bb2 e6 4. f4 Nf6 5. Nf3 d6 6. Bb5 Bd7 7. O-O a6 8. Bxc6
Bxc6 9. d3 Be7 10. Nbd2 O-O 11. Qe2 b5 12. e4 Nd7 13. Rae1 Qc7 14. g4 e5 15. f5
Qd8 16. Qf2 f6 17. h4 Nb6 18. c4 a5 19. Qg3 h6 20. Re2 Kf7 21. g5 hxg5 22. Rg2
Ke8 23. hxg5 Kd7 24. Nh4 Rf7 25. Ng6 Kc7 26. Nf3 Nd7 27. Nxe7 Qxe7 28. Bc1 Rh8
29. Nh4 Qd8 30. Ng6 Rg8 31. Rff2 Nf8 32. Rh2 Nxg6 33. fxg6 Rff8 34. Rh7 Kb8 35.
gxf6 gxf6 36. Bh6 Be8 37. g7 Rf7 38. Rh8 Bd7 39. Rxg8 Qxg8 40. Qg6 b4 41. Rxf6
Rxf6 42. Qxf6 Kc7 43. Bg5 Be6 44. Qf8 Qf7 45. Be7 Qg6+ 46. Kf2 Qf7+ 47. Ke1 1-0

[Event "Int.Vellmar 9th op B"]
[Site "Vellmar"]
[Date "2017.07.14"]
[Round "2.7"]
[White "Naujocks, Christian"]
[Black "John, Volkmar"]
[Result "0-1"]
[WhiteElo "1673"]
[BlackElo "1838"]
[PlyCount "98"]
[EventDate "2017.07.13"]
[EventType "swiss"]
[EventRounds "7"]
[EventCountry "GER"]

1. e4 e5 2. Nf3 Nc6 3. Bb5 a6 4. Ba4 Nf6 5. O-O Be7 6. Re1 b5 7. Bb3 d6 8. h3
Na5 9. d3 Nxb3 10. cxb3 c5 11. Be3 O-O 12. Nbd2 Re8 13. a4 Bb7 14. Rc1 Bf8 15.
Nf1 h6 16. Ng3 g6 17. Qd2 Kh7 18. Nh2 Qd7 19. Qd1 Bc6 20. a5 b4 21. f4 exf4 22.
Bxf4 Bb5 23. Qf3 Re6 24. h4 h5 25. Bg5 Bg7 26. Qe3 Nxe4 27. Qf3 Nxg3 28. Qxg3
Rae8 29. Nf1 Rxe1 30. Rxe1 Rxe1 31. Qxe1 Bxd3 32. Ne3 Qe6 33. Qd1 Qe4 34. Kh1
Bxb2 35. Qd2 Be5 36. Qf2 f5 37. Qd2 Bb5 38. Qf2 Qb1+ 39. Qg1 Qxg1+ 40. Kxg1 Bd4
41. Kf2 Kg7 42. Kf3 Bf6 43. Bf4 Bc6+ 44. Ke2 Be5 45. Bg5 Kf7 46. Kf2 d5 47. Kg1
Bc7 48. g4 fxg4 49. Nxd5 Bxd5 0-1

[Event "Int.Vellmar 9th op B"]
[Site "Vellmar"]
[Date "2017.07.14"]
[Round "2.8"]
[White "Michels, Holger"]
[Black "Niemeyer, Norbert"]
[Result "1-0"]
[WhiteElo "1816"]
[BlackElo "1651"]
[PlyCount "81"]
[EventDate "2017.07.13"]
[EventType "swiss"]
[EventRounds "7"]
[EventCountry "GER"]

1. c4 Nf6 2. g3 g6 3. Bg2 Bg7 4. Nc3 O-O 5. e4 d6 6. Nge2 e5 7. O-O Nc6 8. d3
Bd7 9. h3 Qc8 10. Kh2 Kh8 11. Nd5 Ng8 12. b4 f5 13. Rb1 Nce7 14. f4 c6 15. Nxe7
Nxe7 16. a4 Qc7 17. Bb2 Rad8 18. Qc2 exf4 19. Nxf4 Qc8 20. Rbe1 Rde8 21. c5
dxc5 22. Bxg7+ Kxg7 23. Qxc5 fxe4 24. Rxe4 Nf5 25. Qxa7 Kg8 26. Qc5 Ng7 27.
Rfe1 Bf5 28. Qc4+ Kh8 29. Re7 Qd8 30. Qc5 Rxe7 31. Qxe7 Re8 32. Qxd8 Rxd8 33.
Re7 Rb8 34. g4 g5 35. gxf5 Nxf5 36. Rf7 gxf4 37. Rxf5 Rd8 38. Be4 Rd4 39. b5
Rxa4 40. bxc6 bxc6 41. Rxf4 1-0

[Event "Int.Vellmar 9th op B"]
[Site "Vellmar"]
[Date "2017.07.14"]
[Round "2.9"]
[White "Benedikt, Alexander"]
[Black "Saoud, Mohamad Alhussein"]
[Result "0-1"]
[WhiteElo "1666"]
[BlackElo "1720"]
[PlyCount "110"]
[EventDate "2017.07.13"]
[EventType "swiss"]
[EventRounds "7"]
[EventCountry "GER"]

1. d4 Nf6 2. Nf3 e6 3. g3 Be7 4. Bg2 O-O 5. O-O d5 6. Nc3 a6 7. a3 Nbd7 8. e3
c5 9. Ne2 c4 10. Bd2 b5 11. Qe1 Bb7 12. a4 Qb6 13. Ba5 Qc6 14. axb5 axb5 15.
Bd2 Rxa1 16. Qxa1 Ra8 17. Qc1 b4 18. Ne5 Qb5 19. Nxd7 Nxd7 20. Nf4 Nb6 21. Rd1
Bf6 22. Bf1 g6 23. h4 e5 24. Ne2 e4 25. Nf4 Bc8 26. Bh3 Bxh3 27. Nxh3 Be7 28.
Nf4 Qd7 29. Rf1 h6 30. f3 exf3 31. Rxf3 Qg4 32. Kf2 g5 33. hxg5 hxg5 34. Ng2
Nd7 35. Qe1 Nf6 36. Bc1 Ne4+ 37. Ke2 Bd6 38. Nf4 gxf4 39. exf4 Re8 40. Be3 Qh5
41. Qg1 Nf6 42. g4 Qxg4 43. Qh2 Nh5 44. Kf2 Re4 45. Rh3 Rxe3 46. Rxe3 Bxf4 47.
Re8+ Kg7 48. Qg2 Bg3+ 49. Kg1 Qd1+ 50. Qf1 Qxd4+ 51. Kh1 Qh4+ 52. Kg2 Bf4 53.
Qf3 Qh2+ 54. Kf1 Ng3+ 55. Ke1 Qd2# 0-1

[Event "Int.Vellmar 9th op B"]
[Site "Vellmar"]
[Date "2017.07.14"]
[Round "2.10"]
[White "Michels, Fabio"]
[Black "Gibhardt, Peter"]
[Result "0-1"]
[WhiteElo "1787"]
[BlackElo "1633"]
[PlyCount "88"]
[EventDate "2017.07.13"]
[EventType "swiss"]
[EventRounds "7"]
[EventCountry "GER"]

1. c4 Nf6 2. g3 e5 3. Bg2 Be7 4. Nc3 d6 5. e4 Nc6 6. Nge2 Bg4 7. h3 Bh5 8. d3
Nd4 9. O-O Nf3+ 10. Kh1 Nd4 11. f4 Qd7 12. g4 Nxg4 13. hxg4 Qxg4 14. Rf2 Bh4
15. Rf1 Nxe2 16. Nxe2 Qxe2 17. Qxe2 Bxe2 18. Be3 Bxf1 19. Rxf1 exf4 20. Rxf4
Bg5 21. Rf3 Bxe3 22. Rxe3 O-O-O 23. Bh3+ Kb8 24. Rf3 Rdf8 25. b4 f6 26. a4 h5
27. a5 g5 28. Bf5 g4 29. Rg3 Rfg8 30. b5 h4 31. Rg2 g3 32. Bh3 Rg5 33. Kg1 a6
34. Rb2 axb5 35. cxb5 Rc5 36. Kg2 Rhh5 37. Bg4 Rxb5 38. Rxb5 Rxb5 39. Kh3 Rg5
40. Bf3 g2 41. Bxg2 Rxg2 42. Kxg2 b5 43. axb6 cxb6 44. Kh3 b5 0-1

[Event "Int.Vellmar 9th op B"]
[Site "Vellmar"]
[Date "2017.07.14"]
[Round "2.11"]
[White "Lutz, Adam"]
[Black "Niemann, Leon"]
[Result "1-0"]
[WhiteElo "1751"]
[BlackElo "1548"]
[PlyCount "65"]
[EventDate "2017.07.13"]
[EventType "swiss"]
[EventRounds "7"]
[EventCountry "GER"]

1. e4 c5 2. Nf3 Nc6 3. d4 cxd4 4. Nxd4 g6 5. Nc3 Bg7 6. Be3 Nf6 7. f3 O-O 8.
Bc4 Qb6 9. a3 Nxe4 10. Nd5 Qxb2 11. fxe4 Nxd4 12. Ra2 Nxc2+ 13. Qxc2 Qxc2 14.
Nxe7+ Kh8 15. Rxc2 Re8 16. Bc5 d5 17. Bxd5 Be6 18. O-O Bxd5 19. exd5 b6 20. Bb4
a5 21. Bd6 Rad8 22. Rc6 Bd4+ 23. Kh1 Rxd6 24. Rxd6 Rxe7 25. Rd8+ Kg7 26. d6 Re6
27. g4 Bf6 28. Rd7 h6 29. Rb1 Bd4 30. Rd1 Bc5 31. Rd8 Kf6 32. d7 Bxa3 33. Re8
1-0

[Event "Int.Vellmar 9th op B"]
[Site "Vellmar"]
[Date "2017.07.14"]
[Round "2.13"]
[White "Thede, Stefan"]
[Black "Wagner, Andreas"]
[Result "0-1"]
[WhiteElo "1661"]
[BlackElo "1770"]
[PlyCount "110"]
[EventDate "2017.07.13"]
[EventType "swiss"]
[EventRounds "7"]
[EventCountry "GER"]

1. b3 e5 2. Bb2 Nc6 3. d3 d5 4. Nf3 Bb4+ 5. c3 Be7 6. g3 Bf5 7. Bg2 e4 8. dxe4
dxe4 9. Qxd8+ Rxd8 10. Nd4 Nxd4 11. cxd4 Bb4+ 12. Kf1 Nf6 13. e3 O-O 14. a3 Bd6
15. Nd2 c6 16. h3 Rfe8 17. g4 Bg6 18. Nc4 Bc7 19. Ke2 h5 20. g5 Nd7 21. Rad1 h4
22. Kf1 Bh5 23. Rc1 f5 24. Nd2 c5 25. dxc5 Nxc5 26. Bd4 Ne6 27. Bc3 Rd3 28.
Nxe4 fxe4 29. Bxe4 Rd7 30. Bxb7 Red8 31. Bc6 Rd1+ 32. Rxd1 Rxd1+ 33. Kg2 Rd6
34. Bf3 Bxf3+ 35. Kxf3 Nxg5+ 36. Ke2 Rc6 37. Kd3 Rd6+ 38. Ke2 Ne4 39. Bd4 Bb6
40. Bxb6 axb6 41. Kf3 Nd2+ 42. Kg4 Rg6+ 43. Kf4 Rf6+ 44. Kg4 Rxf2 45. b4 Nc4
46. Re1 Nxa3 47. Kxh4 Rg2 48. Rf1 Nc2 49. e4 Nxb4 50. Rb1 Nd3 51. Rxb6 Nf4 52.
Rb5 Rg6 53. Rb8+ Kh7 54. e5 Rg1 55. Rb7 Kh6 0-1

[Event "Int.Vellmar 9th op B"]
[Site "Vellmar"]
[Date "2017.07.14"]
[Round "2.14"]
[White "Wuttke, Bodo"]
[Black "Rapp, Leonard"]
[Result "1/2-1/2"]
[WhiteElo "1735"]
[BlackElo "1479"]
[PlyCount "70"]
[EventDate "2017.07.13"]
[EventType "swiss"]
[EventRounds "7"]
[EventCountry "GER"]

1. d4 Nf6 2. c4 e6 3. Nc3 c5 4. d5 Bd6 5. Nf3 a6 6. e4 e5 7. Bd3 Bc7 8. O-O d6
9. h3 Nbd7 10. Bd2 Rb8 11. a4 h6 12. Ne2 Ba5 13. Ng3 Nf8 14. Nh2 N8h7 15. Be3
Bd7 16. f4 Qe7 17. Qc2 Bb4 18. Nf3 O-O 19. Kh2 b5 20. axb5 axb5 21. fxe5 dxe5
22. Nxe5 Qxe5 23. Bf4 Qe8 24. Bxb8 Qxb8 25. cxb5 Bxb5 26. Bxb5 Qxb5 27. Nf5
Qb8+ 28. Kh1 Qe5 29. d6 Nxe4 30. Ne7+ Kh8 31. Rxf7 Ng3+ 32. Kg1 Ne2+ 33. Kh1
Ng3+ 34. Kg1 Ne2+ 35. Kh1 Ng3+ 1/2-1/2

[Event "Int.Vellmar 9th op B"]
[Site "Vellmar"]
[Date "2017.07.14"]
[Round "2.15"]
[White "Lorch, Alexander"]
[Black "Pichl, Uwe"]
[Result "0-1"]
[WhiteElo "1658"]
[BlackElo "1752"]
[PlyCount "48"]
[EventDate "2017.07.13"]
[EventType "swiss"]
[EventRounds "7"]
[EventCountry "GER"]

1. d4 Nf6 2. c4 c5 3. d5 b5 4. cxb5 a6 5. b6 Qxb6 6. Nc3 d6 7. e4 g6 8. Nf3
Nbd7 9. Nd2 Bg7 10. Be2 O-O 11. O-O Qc7 12. a4 a5 13. Nc4 Ba6 14. Na3 Bxe2 15.
Qxe2 Rac8 16. Nab5 Qb7 17. Be3 c4 18. Rab1 Nc5 19. Bxc5 Rxc5 20. Nd4 Nxd5 21.
Ndb5 Nf4 22. Qe3 Nd3 23. f4 Qb6 24. Kh1 Rxb5 0-1

[Event "Int.Vellmar 9th op B"]
[Site "Vellmar"]
[Date "2017.07.14"]
[Round "2.16"]
[White "Stein, Carmen"]
[Black "Meyer, Marcel"]
[Result "1-0"]
[WhiteElo "1630"]
[BlackElo "1725"]
[PlyCount "57"]
[EventDate "2017.07.13"]
[EventType "swiss"]
[EventRounds "7"]
[EventCountry "GER"]

1. e4 c6 2. d4 d5 3. e5 Bf5 4. h4 h6 5. g4 Be4 6. f3 Bh7 7. e6 fxe6 8. Bd3 Bxd3
9. Qxd3 Qd6 10. Ne2 e5 11. dxe5 Qxe5 12. Qg6+ Kd8 13. Nbc3 Qf6 14. Qd3 e5 15.
Be3 Bd6 16. O-O-O Ne7 17. Ng3 Nd7 18. Nge4 Qe6 19. Nxd6 Qxd6 20. Ne2 Rf8 21.
Rhf1 Ng6 22. h5 Nf4 23. Nxf4 exf4 24. Bd4 Rf7 25. Rfe1 c5 26. Bf2 Nb6 27. Re2
Re7 28. Bh4 Nc8 29. Qxd5 1-0